000 01361nac a22002891u 4500
010 _a 93041644
020 _a0070542996 (acid-free paper) :
082 0 0 _a621.381
_bHAR
090 _c5986
_d5986
100 _aHarper, Caharles A.[ed
245 0 0 _aElectronic materials and processes handbook /
_c[editors], Charles A. Harper, Ronald N. Sampson.
250 _a2nd ed.
260 _aNew York :
_bMcGraw-Hill,c1994.
_cc1994.
300 _a1 v. (various pagings) :
_bill. ;
_c24 cm.
440 0 _aElectronic packaging and interconnection series
500 _aCover title: Electronic materials & processes handbook.
504 _aIncludes bibliographical references and index.
650 0 _aElectronics
_xMaterials
_xHandbooks, manuals, etc.
650 0 _aManufacturing processes
_xHandbooks, manuals, etc.
650 0 _aElectronic apparatus and appliances
_xMaterials
_xHandbooks, manuals, etc.
700 1 _aSampson, Ronald N.
740 0 _aElectronic materials & processes handbook.
856 4 1 _3Table of contents only
_uhttp://www.loc.gov/catdir/toc/mh022/93041644.html
856 4 1 _3Contributor biographical information
_uhttp://www.loc.gov/catdir/enhancements/fy0602/93041644-b.html
856 4 1 _3Publisher description
_uhttp://www.loc.gov/catdir/enhancements/fy0602/93041644-d.html
942 _cBB
_k621.381HAR
999 _c5986
_d5986